[Event "8. Open Vila de Salou"]
[Site "Salou ESP"]
[Date "2006.06.10"]
[Round "4.11"]
[White "Tscharotschkin, Michael"]
[Black "Edouard, Romain"]
[Result "1/2-1/2"]
[WhiteElo "2244"]
[BlackElo "2363"]
[PlyCount "50"]
[EventDate "2006.06.07"]
[EventType "swiss"]
[EventRounds "9"]
[EventCountry "ESP"]
[Source "lmi"]
[SourceDate "2006.06.16"]

1. e4 c5 2. c3 g6 3. d4 cxd4 4. cxd4 d5 5. e5 Bg7 6. Nc3 Nc6 7. Bb5 Nh6 8. Nge2
O-O 9. O-O Nf5 10. Re1 e6 11. Bxc6 bxc6 12. Ng3 Nxg3 13. hxg3 f6 14. f4 fxe5
15. fxe5 c5 16. dxc5 Qc7 17. Qd4 Rf5 18. Nb5 Rxe5 19. Be3 Qa5 20. Qd3 Ba6 21.
a4 Rb8 22. Red1 Re4 23. Bd2 Bxb5 24. Qxe4 dxe4 25. Bxa5 Bd3 1/2-1/2

[Event "8. Open Vila de Salou"]
[Site "Salou ESP"]
[Date "2006.06.10"]
[Round "4.12"]
[White "Asis Gargatagli, Hipolit"]
[Black "Hutchinson, Paul A"]
[Result "1-0"]
[WhiteElo "2361"]
[BlackElo "2178"]
[PlyCount "67"]
[EventDate "2006.06.07"]
[EventType "swiss"]
[EventRounds "9"]
[EventCountry "ESP"]
[Source "lmi"]
[SourceDate "2006.06.16"]

1. e4 d5 2. exd5 Qxd5 3. Nf3 Bg4 4. Be2 Nc6 5. d4 O-O-O 6. c4 Qh5 7. Be3 Nf6 8.
Nbd2 e6 9. a3 h6 10. h3 Bd6 11. Qa4 Nb8 12. O-O-O Bxf3 13. Bxf3 Qf5 14. g4 Qh7
15. Qxa7 c6 16. Nb3 g5 17. h4 Rd7 18. hxg5 Ne8 19. Rxh6 Qg7 20. Rdh1 Rg8 21.
Nc5 Bxc5 22. Qxc5 Na6 23. Qe5 Nd6 24. Qxg7 Rxg7 25. Rh8+ Rd8 26. b3 Nc7 27. Kc2
Nce8 28. R8h7 Kd7 29. a4 Nc8 30. Rxg7 Nxg7 31. g6 Ke7 32. Rh7 Kf6 33. g5+ Kxg6
34. Rh6+ 1-0

[Event "8. Open Vila de Salou"]
[Site "Salou ESP"]
[Date "2006.06.10"]
[Round "4.13"]
[White "Valls Marti, Artur"]
[Black "Capo Vidal, Uriel"]
[Result "0-1"]
[WhiteElo "2138"]
[BlackElo "2357"]
[PlyCount "78"]
[EventDate "2006.06.07"]
[EventType "swiss"]
[EventRounds "9"]
[EventCountry "ESP"]
[Source "lmi"]
[SourceDate "2006.06.16"]

1. f4 d5 2. Nf3 Nf6 3. e3 g6 4. b3 Bg7 5. Bb2 O-O 6. Be2 c5 7. O-O Nc6 8. Ne5
Qd6 9. Nc3 a6 10. Na4 Be6 11. Ba3 Nxe5 12. Bxc5 Qc7 13. fxe5 Ne4 14. Bb6 Qxe5
15. Bd4 Qg5 16. Bxg7 Kxg7 17. Kh1 Qh4 18. Kg1 Qg5 19. Kh1 Rad8 20. Bf3 Rd6 21.
c4 b5 22. Nb2 bxc4 23. bxc4 Rb8 24. Qc2 Bf5 25. d3 Qxe3 26. cxd5 Nf6 27. Nc4
Qc5 28. Rac1 Rdd8 29. Qe2 Nxd5 30. d4 Qb5 31. g4 Be6 32. Qe5+ Nf6 33. g5 Bxc4
34. Rxc4 Qxc4 35. gxf6+ exf6 36. Qxf6+ Kxf6 37. Be2+ Kg5 38. Bxc4 Rxd4 39. Bxa6
Ra8 0-1

[Event "8. Open Vila de Salou"]
[Site "Salou ESP"]
[Date "2006.06.10"]
[Round "4.14"]
[White "Aloma Vidal, Robert"]
[Black "Hutchinson, Norman"]
[Result "1-0"]
[WhiteElo "2352"]
[BlackElo "2107"]
[PlyCount "33"]
[EventDate "2006.06.07"]
[EventType "swiss"]
[EventRounds "9"]
[EventCountry "ESP"]
[Source "lmi"]
[SourceDate "2006.06.16"]

1. d4 Nf6 2. c4 e6 3. Nc3 Bb4 4. Qc2 O-O 5. e4 d5 6. e5 Bxc3+ 7. bxc3 Ne4 8.
Bd3 c5 9. Bxe4 dxe4 10. Qxe4 Nc6 11. Nf3 cxd4 12. cxd4 Qb6 13. O-O Qb4 14. Ng5
g6 15. Qh4 h5 16. Ne4 Qxc4 17. Qg5 1-0

[Event "8. Open Vila de Salou"]
[Site "Salou ESP"]
[Date "2006.06.10"]
[Round "4.15"]
[White "Rofes Barcelo, Josep M"]
[Black "Vehi Bach, Victor M"]
[Result "0-1"]
[WhiteElo "2113"]
[BlackElo "2335"]
[PlyCount "38"]
[EventDate "2006.06.07"]
[EventType "swiss"]
[EventRounds "9"]
[EventCountry "ESP"]
[Source "lmi"]
[SourceDate "2006.06.16"]

1. f4 c5 2. Nf3 g6 3. e3 Bg7 4. d4 Nf6 5. Bd3 O-O 6. c3 d6 7. O-O Nc6 8. Qc2 e5
9. dxe5 dxe5 10. Nbd2 Qe7 11. Nxe5 Nxe5 12. fxe5 Ng4 13. Nf3 Be6 14. h3 Nxe5
15. Nxe5 Bxe5 16. Qf2 Rad8 17. Bc2 Bc4 18. e4 Bxf1 19. Qxf1 Qh4 0-1

[Event "8. Open Vila de Salou"]
[Site "Salou ESP"]
[Date "2006.06.10"]
[Round "4.16"]
[White "Fenollar Jorda, Manuel"]
[Black "Aalbersberg Kroon, Pere"]
[Result "1/2-1/2"]
[WhiteElo "2331"]
[BlackElo "2096"]
[PlyCount "75"]
[EventDate "2006.06.07"]
[EventType "swiss"]
[EventRounds "9"]
[EventCountry "ESP"]
[Source "lmi"]
[SourceDate "2006.06.16"]

1. d4 Nf6 2. Nf3 d5 3. e3 Bg4 4. c4 dxc4 5. Bxc4 e6 6. Nbd2 Nbd7 7. Qb3 Nb6 8.
Ne5 Bf5 9. Be2 Bd6 10. Bf3 Bxe5 11. dxe5 Nfd7 12. Bxb7 Rb8 13. Bc6 O-O 14. Bxd7
Nxd7 15. Qc3 Rb5 16. f4 Qh4+ 17. Kf1 Rc5 18. Nf3 Qg4 19. Qd4 Rd5 20. Qc3 Rd1+
21. Ne1 Nb6 22. h3 Qg6 23. Kf2 Rfd8 24. Rg1 h5 25. Nf3 Rxg1 26. Kxg1 Rd1+ 27.
Kh2 Be4 28. Nh4 Qh6 29. Qb4 Bd5 30. Qe7 Nc4 31. Qe8+ Kh7 32. Qxf7 Nd2 33. Bxd2
Rxa1 34. e4 Bxe4 35. f5 Qxd2 36. Qg6+ Kh8 37. Qe8+ Kh7 38. Qg6+ 1/2-1/2

[Event "8. Open Vila de Salou"]
[Site "Salou ESP"]
[Date "2006.06.10"]
[Round "4.17"]
[White "Benson, Oisin P"]
[Black "Ibarra Chami, Luis"]
[Result "0-1"]
[WhiteElo "1832"]
[BlackElo "2197"]
[PlyCount "70"]
[EventDate "2006.06.07"]
[EventType "swiss"]
[EventRounds "9"]
[EventCountry "ESP"]
[Source "lmi"]
[SourceDate "2006.06.16"]

1. d4 e6 2. Nf3 d5 3. c4 Nf6 4. Nc3 Be7 5. cxd5 exd5 6. Bg5 c6 7. e3 Bf5 8. Qb3
Qb6 9. Ne5 O-O 10. f3 Qxb3 11. axb3 Bc2 12. Bxf6 gxf6 13. Ng4 Bxb3 14. Bd3 Kg7
15. h4 h5 16. Nf2 c5 17. g4 cxd4 18. exd4 Nc6 19. Ne2 Rh8 20. gxh5 f5 21. Ng3
Nxd4 22. Bxf5 Nxf3+ 23. Ke2 Nd4+ 24. Kd2 Bb4+ 25. Kd3 Nxf5 26. Nxf5+ Kf6 27.
Ng3 Rag8 28. Rhg1 Bd6 29. Nfh1 Bc4+ 30. Kc3 Rg4 31. Rg2 Rxh4 32. Rxa7 Ba6 33.
Rf2+ Ke6 34. Ne2 Be5+ 35. Kc2 Rxh1 0-1

[Event "8. Open Vila de Salou"]
[Site "Salou ESP"]
[Date "2006.06.10"]
[Round "4.18"]
[White "Jorge Bort, Emilio"]
[Black "Vinals Rioja, Jaume"]
[Result "1/2-1/2"]
[WhiteElo "2197"]
[BlackElo "2122"]
[PlyCount "46"]
[EventDate "2006.06.07"]
[EventType "swiss"]
[EventRounds "9"]
[EventCountry "ESP"]
[Source "lmi"]
[SourceDate "2006.06.16"]

1. e4 c5 2. Nc3 d6 3. Nf3 Nf6 4. d4 cxd4 5. Nxd4 g6 6. Be3 Bg7 7. f3 O-O 8. Qd2
Nc6 9. O-O-O d5 10. Nxc6 bxc6 11. exd5 Nxd5 12. Nxd5 cxd5 13. Qxd5 Qc7 14. Qc5
Qb7 15. Qa3 a5 16. Bd4 e5 17. Bc3 a4 18. Bd3 Bd7 19. Be4 Bc6 20. Bxc6 Qxc6 21.
Rhe1 Rfe8 22. Rd3 Qb6 23. Qd6 Qf2 1/2-1/2

[Event "8. Open Vila de Salou"]
[Site "Salou ESP"]
[Date "2006.06.10"]
[Round "4.19"]
[White "Hoenick, Andreas"]
[Black "Reutter, Frank"]
[Result "1-0"]
[WhiteElo "2168"]
[BlackElo "1951"]
[PlyCount "111"]
[EventDate "2006.06.07"]
[EventType "swiss"]
[EventRounds "9"]
[EventCountry "ESP"]
[Source "lmi"]
[SourceDate "2006.06.16"]

1. d4 Nf6 2. c4 g6 3. Nc3 Bg7 4. e4 d6 5. h3 O-O 6. Bg5 e5 7. dxe5 dxe5 8. Qxd8
Rxd8 9. Bxf6 Bxf6 10. Nd5 Nd7 11. Nxc7 Rb8 12. Nf3 Nc5 13. Nd5 Nxe4 14. Bd3 Nc5
15. O-O-O Rxd5 16. cxd5 Nxd3+ 17. Rxd3 e4 18. Re3 exf3 19. Re8+ Kg7 20. gxf3
Bg5+ 21. Kd1 Bg4 22. Rxb8 Bxf3+ 23. Ke1 Bxh1 24. Rxb7 Bxd5 25. Rxa7 Bg2 26. Ra3
Bf6 27. Rg3 Bd5 28. b3 Be5 29. Re3 Kf6 30. a4 Bd4 31. Rd3 Ke5 32. f3 Be6 33. a5
Bf5 34. Ke2 Bc8 35. Rd1 Ba6+ 36. Kd2 g5 37. Re1+ Kd6 38. Re8 f5 39. Rg8 Bf6 40.
Rb8 Bd4 41. Rg8 Bf6 42. b4 h5 43. Rb8 Bd4 44. Rg8 Bf6 45. Rf8 Be7 46. Rh8 Kd5
47. Rb8 Kc4 48. Rb6 Bxb4+ 49. Kc2 Bb5 50. a6 Ba4+ 51. Kb2 Bc5 52. a7 Bd4+ 53.
Kb1 Kd3 54. a8=Q Bc2+ 55. Ka2 Bxb6 56. Qa6+ 1-0

[Event "8. Open Vila de Salou"]
[Site "Salou ESP"]
[Date "2006.06.10"]
[Round "4.20"]
[White "Moro Adame, Antonio"]
[Black "Schuelke, Tilman"]
[Result "1-0"]
[WhiteElo "2153"]
[BlackElo "1959"]
[PlyCount "97"]
[EventDate "2006.06.07"]
[EventType "swiss"]
[EventRounds "9"]
[EventCountry "ESP"]
[Source "lmi"]
[SourceDate "2006.06.16"]

1. c4 Nf6 2. Nc3 e5 3. g3 g6 4. Bg2 Bg7 5. d3 O-O 6. e4 Na6 7. Nge2 c6 8. O-O
Nc7 9. Qb3 d5 10. cxd5 cxd5 11. Nxd5 Nfxd5 12. exd5 Rb8 13. Nc3 Kh8 14. Be3 b6
15. Rad1 f5 16. f4 Bb7 17. fxe5 Bxe5 18. d4 Bd6 19. Bf4 Bxf4 20. Rxf4 Qd6 21.
Rdf1 Rbe8 22. Nb5 Nxb5 23. Qxb5 h5 24. h3 Re3 25. R4f3 Rfe8 26. Rxe3 Rxe3 27.
Rf3 a6 28. Qc4 Rxf3 29. Bxf3 Qxg3+ 30. Bg2 Qd6 31. Qb3 Kg7 32. a3 h4 33. Qf3
Kf6 34. Qb3 b5 35. a4 Qb6 36. Qb4 a5 37. Qf8+ Kg5 38. Qe7+ Kh5 39. Bf3+ Kh6 40.
Qxh4+ Kg7 41. Qe7+ Kg8 42. Qe8+ Kg7 43. Qe5+ Kf7 44. Qe6+ Qxe6 45. dxe6+ Kxe6
46. Bxb7 bxa4 47. h4 Kf6 48. Kf2 g5 49. h5 1-0

[Event "8. Open Vila de Salou"]
[Site "Salou ESP"]
[Date "2006.06.11"]
[Round "5.2"]
[White "Spraggett, Kevin"]
[Black "Lopez Martinez, Josep M"]
[Result "1-0"]
[WhiteElo "2578"]
[BlackElo "2481"]
[PlyCount "105"]
[EventDate "2006.06.07"]
[EventType "swiss"]
[EventRounds "9"]
[EventCountry "ESP"]
[Source "lmi"]
[SourceDate "2006.06.16"]

1. e4 e5 2. Nf3 Nc6 3. Bb5 a6 4. Ba4 Nf6 5. O-O b5 6. Bb3 Bc5 7. d3 O-O 8. a4
Rb8 9. axb5 axb5 10. Bg5 h6 11. Bh4 g5 12. Bg3 d6 13. c3 Bg4 14. Nbd2 Bb6 15.
Re1 Re8 16. Nf1 Qd7 17. Ne3 Bxe3 18. fxe3 Kg7 19. Rf1 Re7 20. h3 Bh5 21. Qd2
Nh7 22. Nh2 f6 23. Rf2 Bf7 24. Bc2 Bg6 25. Nf1 Ree8 26. Bh2 Ra8 27. Re1 h5 28.
Ng3 h4 29. Nf5+ Bxf5 30. Rxf5 b4 31. d4 bxc3 32. Qxc3 Ne7 33. Rf2 Ng6 34. Bd1
Re7 35. Bg4 Qb5 36. Bf5 Ra4 37. Rc1 Qa5 38. Qxa5 Rxa5 39. Rfc2 Ra7 40. d5 Nhf8
41. Kf1 Nh8 42. Bg1 Nf7 43. Bf2 Nh6 44. Bc8 Kf7 45. Be1 Ke8 46. Rc6 Kd8 47. Ba6
Rd7 48. b4 Rf7 49. b5 Nd7 50. Ba5 Nc5 51. R1xc5 dxc5 52. d6 Ng8 53. dxc7+ 1-0

[Event "8. Open Vila de Salou"]
[Site "Salou ESP"]
[Date "2006.06.11"]
[Round "5.3"]
[White "Moskalenko, Viktor"]
[Black "Hamdouchi, Hichem"]
[Result "0-1"]
[WhiteElo "2540"]
[BlackElo "2559"]
[PlyCount "110"]
[EventDate "2006.06.07"]
[EventType "swiss"]
[EventRounds "9"]
[EventCountry "ESP"]
[Source "lmi"]
[SourceDate "2006.06.16"]

1. d4 d6 2. e4 Nf6 3. Nc3 g6 4. Bg5 Bg7 5. f4 c6 6. Nf3 O-O 7. Bd3 Bg4 8. h3
Bxf3 9. Qxf3 Qb6 10. O-O-O Qxd4 11. e5 dxe5 12. Bxg6 Qb4 13. a3 Qa5 14. Bd3
Nbd7 15. Rhe1 exf4 16. Bxf4 e6 17. Ne4 Nxe4 18. Qxe4 Nf6 19. Qf3 Rfd8 20. g4
Nd7 21. Bd6 Qg5+ 22. Kb1 Qf6 23. Qxf6 Nxf6 24. Be7 Re8 25. Bxf6 Bxf6 26. Be4
Rad8 27. c3 Rxd1+ 28. Rxd1 Rd8 29. Rxd8+ Bxd8 30. Kc2 h6 31. Kd3 Kg7 32. b4 Be7
33. c4 Kf6 34. c5 Kg5 35. Bh7 h5 36. Ke3 hxg4 37. hxg4 Bf6 38. a4 Bb2 39. b5
Kxg4 40. bxc6 bxc6 41. Be4 e5 42. Bxc6 f5 43. Kd3 Ba3 44. Kc4 e4 45. Kd5 Bb4
46. Bb5 Kf3 47. c6 Ba5 48. Kd6 e3 49. c7 Bxc7+ 50. Kxc7 e2 51. Bxe2+ Kxe2 52.
a5 f4 53. Kb7 f3 54. Kxa7 f2 55. a6 f1=Q 0-1

[Event "8. Open Vila de Salou"]
[Site "Salou ESP"]
[Date "2006.06.11"]
[Round "5.4"]
[White "Narciso Dublan, Marc"]
[Black "Mirzoev, Azer"]
[Result "0-1"]
[WhiteElo "2510"]
[BlackElo "2532"]
[PlyCount "132"]
[EventDate "2006.06.07"]
[EventType "swiss"]
[EventRounds "9"]
[EventCountry "ESP"]
[Source "lmi"]
[SourceDate "2006.06.16"]

1. e4 e5 2. Nf3 Nc6 3. Bb5 d6 4. d4 Bd7 5. Nc3 Nf6 6. O-O Be7 7. Re1 exd4 8.
Nxd4 O-O 9. Bxc6 bxc6 10. Bf4 c5 11. Nf3 Bc6 12. Qd3 Nh5 13. Be3 Re8 14. Rad1
Qb8 15. Bc1 Qb7 16. e5 g6 17. Nd5 Bxd5 18. Qxd5 Qxd5 19. Rxd5 a5 20. g4 Ng7 21.
exd6 cxd6 22. Bf4 Bf8 23. c4 Rxe1+ 24. Nxe1 Ne8 25. Rd2 a4 26. Nd3 Nf6 27. f3
h5 28. h3 hxg4 29. hxg4 d5 30. Rc2 dxc4 31. Rxc4 Nd5 32. Kf2 Nb6 33. Rc2 c4 34.
Ne5 Bc5+ 35. Be3 Rc8 36. g5 Kg7 37. a3 f6 38. gxf6+ Kxf6 39. f4 Kf5 40. Nf7 Rc6
41. Bxc5 Rxc5 42. Ke3 Rc7 43. Nh6+ Ke6 44. Kd4 Rh7 45. Rh2 Rc7 46. Re2+ Kf6 47.
Re5 c3 48. Ng4+ Kf7 49. bxc3 Rc4+ 50. Kd3 Rxf4 51. Ne3 Nd7 52. Rb5 Ke6 53. c4
Ne5+ 54. Kc3 Re4 55. Rb6+ Kf7 56. Rb7+ Kf8 57. Rb5 Rxe3+ 58. Kd4 Nxc4 59. Kxc4
Rxa3 60. Ra5 Kg7 61. Kb4 Ra1 62. Kc3 Kh6 63. Kb2 Rd1 64. Rxa4 Kh5 65. Kc2 Rd5
66. Ra1 g5 0-1

[Event "8. Open Vila de Salou"]
[Site "Salou ESP"]
[Date "2006.06.11"]
[Round "5.5"]
[White "Alsina Leal, Daniel"]
[Black "Aloma Vidal, Robert"]
[Result "1/2-1/2"]
[WhiteElo "2441"]
[BlackElo "2352"]
[PlyCount "68"]
[EventDate "2006.06.07"]
[EventType "swiss"]
[EventRounds "9"]
[EventCountry "ESP"]
[Source "lmi"]
[SourceDate "2006.06.16"]

1. e4 c5 2. Nf3 e6 3. d4 cxd4 4. Nxd4 a6 5. c4 Nf6 6. Nc3 Qc7 7. a3 b6 8. Be3
Bb7 9. f3 d6 10. Be2 Nbd7 11. O-O Be7 12. Rc1 Rc8 13. b4 O-O 14. Kh1 Qb8 15.
Na4 Rfe8 16. Qd2 Bf8 17. Nb3 Bc6 18. Nb2 Qa8 19. a4 d5 20. exd5 exd5 21. c5
bxc5 22. Nxc5 Nxc5 23. Bxc5 Nd7 24. Bxf8 Nxf8 25. Ra1 Re6 26. Nd3 Rce8 27. Nf4
Re3 28. b5 Ng6 29. Nxg6 Rxe2 30. Qc3 hxg6 31. bxc6 d4 32. Qxd4 Qxc6 33. h3 Qc7
34. Qh4 Qc2 1/2-1/2

[Event "8. Open Vila de Salou"]
[Site "Salou ESP"]
[Date "2006.06.11"]
[Round "5.6"]
[White "Capo Vidal, Uriel"]
[Black "Jakobsen, Ole"]
[Result "0-1"]
[WhiteElo "2357"]
[BlackElo "2388"]
[PlyCount "54"]
[EventDate "2006.06.07"]
[EventType "swiss"]
[EventRounds "9"]
[EventCountry "ESP"]
[Source "lmi"]
[SourceDate "2006.06.16"]

1. d4 d6 2. Nf3 Nf6 3. c4 g6 4. Nc3 Bf5 5. h3 Bg7 6. Bf4 Ne4 7. Nxe4 Bxe4 8. e3
O-O 9. Be2 c5 10. O-O Qb6 11. Ng5 Bf5 12. e4 Bc8 13. e5 cxd4 14. c5 dxc5 15.
Bc4 h6 16. e6 hxg5 17. exf7+ Rxf7 18. Bxf7+ Kxf7 19. Bxg5 Nd7 20. Qe2 Nf6 21.
Rae1 Be6 22. f4 Re8 23. g4 d3 24. Qd2 c4+ 25. Kh2 Bd5 26. f5 Ne4 27. Qg2 Qxb2
0-1

[Event "8. Open Vila de Salou"]
[Site "Salou ESP"]
[Date "2006.06.11"]
[Round "5.8"]
[White "Vernay, Clovis"]
[Black "Fenollar Jorda, Manuel"]
[Result "1/2-1/2"]
[WhiteElo "2293"]
[BlackElo "2331"]
[PlyCount "44"]
[EventDate "2006.06.07"]
[EventType "swiss"]
[EventRounds "9"]
[EventCountry "ESP"]
[Source "lmi"]
[SourceDate "2006.06.16"]

1. d4 d5 2. c4 c6 3. Nf3 Nf6 4. e3 e6 5. Nbd2 Nbd7 6. Bd3 Bd6 7. O-O O-O 8. e4
dxe4 9. Nxe4 Nxe4 10. Bxe4 h6 11. b3 e5 12. dxe5 Nxe5 13. Bb2 Qf6 14. Nxe5 Bxe5
15. Bxe5 Qxe5 16. Re1 Qf6 17. Qf3 Qxf3 18. Bxf3 Be6 19. Rad1 Rfd8 20. h3 Kf8
21. Kh2 a5 22. Bg4 Rxd1 1/2-1/2

[Event "8. Open Vila de Salou"]
[Site "Salou ESP"]
[Date "2006.06.11"]
[Round "5.10"]
[White "Aalbersberg Kroon, Pere"]
[Black "Benitah, Yohan"]
[Result "0-1"]
[WhiteElo "2096"]
[BlackElo "2417"]
[PlyCount "52"]
[EventDate "2006.06.07"]
[EventType "swiss"]
[EventRounds "9"]
[EventCountry "ESP"]
[Source "lmi"]
[SourceDate "2006.06.16"]

1. e4 e6 2. d4 d5 3. Nc3 Nf6 4. Bg5 Bb4 5. e5 h6 6. Bd2 Bxc3 7. bxc3 Ne4 8. Nf3
c5 9. dxc5 Qc7 10. Bd3 Qxc5 11. O-O Nxd2 12. Qxd2 O-O 13. Rfb1 b6 14. Rb4 f5
15. exf6 Rxf6 16. Re1 Nc6 17. Rh4 Bd7 18. h3 Raf8 19. Re2 b5 20. Nh2 e5 21. g4
e4 22. Bxe4 dxe4 23. Qxd7 Rxf2 24. Qe6+ R2f7+ 25. Kh1 Nd8 26. Qxe4 Rf1+ 0-1

[Event "8. Open Vila de Salou"]
[Site "Salou ESP"]
[Date "2006.06.11"]
[Round "5.11"]
[White "Lacasa Diaz, Josep A"]
[Black "Tscharotschkin, Michael"]
[Result "1-0"]
[WhiteElo "2411"]
[BlackElo "2244"]
[PlyCount "43"]
[EventDate "2006.06.07"]
[EventType "swiss"]
[EventRounds "9"]
[EventCountry "ESP"]
[Source "lmi"]
[SourceDate "2006.06.16"]

1. e4 e6 2. d4 d5 3. Nc3 Bb4 4. e5 c5 5. a3 Ba5 6. b4 cxd4 7. Qg4 Ne7 8. bxa5
dxc3 9. Qxg7 Rg8 10. Qxh7 Nbc6 11. Nf3 Qxa5 12. Ng5 Rf8 13. Qh5 Nb4 14. Bd3
Nxd3+ 15. cxd3 Bd7 16. Nh7 O-O-O 17. Nxf8 Rxf8 18. O-O d4 19. Bh6 Rg8 20. Qxf7
Qd5 21. f3 Kd8 22. Bf8 1-0

[Event "8. Open Vila de Salou"]
[Site "Salou ESP"]
[Date "2006.06.11"]
[Round "5.13"]
[White "Edouard, Romain"]
[Black "Moro Adame, Antonio"]
[Result "1-0"]
[WhiteElo "2363"]
[BlackElo "2153"]
[PlyCount "77"]
[EventDate "2006.06.07"]
[EventType "swiss"]
[EventRounds "9"]
[EventCountry "ESP"]
[Source "lmi"]
[SourceDate "2006.06.16"]

1. e4 Nf6 2. e5 Nd5 3. d4 d6 4. c4 Nb6 5. exd6 exd6 6. Nc3 Be7 7. Be2 O-O 8. h3
Bf5 9. Nf3 Re8 10. O-O Bf6 11. b3 Nc6 12. Be3 h6 13. Qd2 Bh7 14. Bd3 Bxd3 15.
Qxd3 Nb4 16. Qd2 Nc6 17. Ne2 Ne7 18. Ng3 Qd7 19. Nh2 Nf5 20. Ng4 Be7 21. Nxf5
Qxf5 22. Bxh6 a5 23. Rae1 Bf8 24. Be3 a4 25. d5 Nd7 26. Bd4 axb3 27. axb3 Ne5
28. Bxe5 dxe5 29. Re3 Qg5 30. Qc3 Bc5 31. Rxe5 f5 32. Ne3 Rf8 33. Qd3 g6 34.
Re6 Ra6 35. Rxa6 bxa6 36. d6 Bxd6 37. c5 Bf4 38. Qxa6 Bxe3 39. Qe6+ 1-0

[Event "8. Open Vila de Salou"]
[Site "Salou ESP"]
[Date "2006.06.11"]
[Round "5.14"]
[White "Ibarra Chami, Luis"]
[Black "Peric, Slavisa"]
[Result "1-0"]
[WhiteElo "2197"]
[BlackElo "2288"]
[PlyCount "75"]
[EventDate "2006.06.07"]
[EventType "swiss"]
[EventRounds "9"]
[EventCountry "ESP"]
[Source "lmi"]
[SourceDate "2006.06.16"]

1. e4 e6 2. d3 d5 3. Qe2 Nf6 4. e5 Nfd7 5. f4 c5 6. Nf3 Nc6 7. g3 Be7 8. Bg2
Qc7 9. O-O b5 10. c4 bxc4 11. dxc4 Ba6 12. b3 dxc4 13. bxc4 Nb6 14. Na3 Rd8 15.
Be3 Nd4 16. Qf2 O-O 17. Rac1 Nf5 18. g4 Nxe3 19. Qxe3 Rd7 20. f5 Rfd8 21. Ne1
exf5 22. gxf5 f6 23. e6 Rd2 24. Rf2 Rxf2 25. Qxf2 Qe5 26. Rc2 Rd1 27. Re2 Qc3
28. Re3 Qd4 29. Bf3 Rc1 30. Nac2 Qf4 31. Ra3 Bxc4 32. Rxa7 Bd6 33. Rb7 Rb1 34.
Qg2 Rxe1+ 35. Nxe1 Qe3+ 36. Qf2 Bxh2+ 37. Kg2 Bd6 38. Qxe3 1-0

[Event "8. Open Vila de Salou"]
[Site "Salou ESP"]
[Date "2006.06.11"]
[Round "5.15"]
[White "Vila Gazquez, Xavier"]
[Black "Kekki, Petri"]
[Result "1-0"]
[WhiteElo "2325"]
[BlackElo "2365"]
[PlyCount "75"]
[EventDate "2006.06.07"]
[EventType "swiss"]
[EventRounds "9"]
[EventCountry "ESP"]
[Source "lmi"]
[SourceDate "2006.06.16"]

1. e4 e6 2. d4 d5 3. Nc3 Bb4 4. e5 Ne7 5. a3 Bxc3+ 6. bxc3 c5 7. Qg4 Kf8 8. Bd2
Qc7 9. Bd3 b6 10. Nh3 Ba6 11. O-O Bxd3 12. cxd3 cxd4 13. cxd4 Nbc6 14. Nf4 Qd7
15. Nh5 Nf5 16. Be3 h6 17. Qf4 Qe7 18. Rac1 Rc8 19. g4 Nxe3 20. fxe3 Rc7 21.
Rc3 Nd8 22. Rfc1 Rxc3 23. Rxc3 Kg8 24. Kg2 Kh7 25. Kg3 b5 26. h4 a5 27. Rc5 b4
28. axb4 axb4 29. Rb5 Nc6 30. Rb6 Rc8 31. g5 Qa7 32. gxh6 Qa1 33. hxg7 Ne7 34.
Qxf7 Nf5+ 35. Kf4 Qf1+ 36. Kg5 Qg1+ 37. Kf6 Rg8 38. Qxg8+ 1-0

[Event "8. Open Vila de Salou"]
[Site "Salou ESP"]
[Date "2006.06.11"]
[Round "5.16"]
[White "Miceli, Gaetan"]
[Black "Kononenko, Tatiana"]
[Result "0-1"]
[WhiteElo "2047"]
[BlackElo "2383"]
[PlyCount "58"]
[EventDate "2006.06.07"]
[EventType "swiss"]
[EventRounds "9"]
[EventCountry "ESP"]
[Source "lmi"]
[SourceDate "2006.06.16"]

1. e4 e6 2. d4 d5 3. Nc3 Bb4 4. e5 Ne7 5. a3 Bxc3+ 6. bxc3 c5 7. a4 b6 8. Bb5+
Bd7 9. Bd3 Nbc6 10. Nf3 Qc7 11. O-O c4 12. Be2 f6 13. Re1 Ng6 14. Ba3 Nce7 15.
Bd6 Qd8 16. Qb1 Nf5 17. Bb4 a5 18. Ba3 Bxa4 19. exf6 gxf6 20. Bxc4 dxc4 21.
Rxe6+ Kf7 22. Rxb6 Qd5 23. Rb7+ Bd7 24. Qb6 Ngh4 25. Re1 Nxf3+ 26. gxf3 Rae8
27. Rxe8 Rxe8 28. Kf1 Kg6 29. Qc7 Qxf3 0-1

[Event "8. Open Vila de Salou"]
[Site "Salou ESP"]
[Date "2006.06.11"]
[Round "5.17"]
[White "Marco Molina, Rafael"]
[Black "Jorge Bort, Emilio"]
[Result "1/2-1/2"]
[WhiteElo "2017"]
[BlackElo "2197"]
[PlyCount "65"]
[EventDate "2006.06.07"]
[EventType "swiss"]
[EventRounds "9"]
[EventCountry "ESP"]
[Source "lmi"]
[SourceDate "2006.06.16"]

1. d4 f5 2. Bg5 h6 3. Bh4 g5 4. e3 Nf6 5. Bg3 Bg7 6. h4 g4 7. h5 d6 8. Bd3 Nc6
9. Ne2 e5 10. Nbc3 a6 11. dxe5 dxe5 12. Bc4 Qe7 13. Nd5 Nxd5 14. Qxd5 Bd7 15.
O-O-O O-O-O 16. Nc3 Rhe8 17. f3 gxf3 18. gxf3 Qf8 19. Qf7 Qxf7 20. Bxf7 Rf8 21.
Bg6 Ne7 22. Bh4 Bf6 23. Bxf6 Rxf6 24. Nd5 Re6 25. Nxe7+ Rxe7 26. Rxd7 Rdxd7 27.
Bxf5 Kd8 28. Bxd7 Kxd7 29. Rg1 Rf7 30. Rg3 Rf5 31. Rh3 c5 32. Kd2 Rg5 33. Kc3
1/2-1/2

[Event "8. Open Vila de Salou"]
[Site "Salou ESP"]
[Date "2006.06.11"]
[Round "5.18"]
[White "Hutchinson, Paul A"]
[Black "Yastrebova, Tatiana"]
[Result "1/2-1/2"]
[WhiteElo "2178"]
[BlackElo "2056"]
[PlyCount "95"]
[EventDate "2006.06.07"]
[EventType "swiss"]
[EventRounds "9"]
[EventCountry "ESP"]
[Source "lmi"]
[SourceDate "2006.06.16"]

1. e4 d6 2. d4 Nf6 3. Nc3 g6 4. Be3 c6 5. Qd2 b5 6. O-O-O Nbd7 7. f3 Nb6 8. g4
h5 9. g5 Nfd7 10. d5 Ne5 11. dxc6 Nbc4 12. Bxc4 Nxc4 13. Qd4 Nxe3 14. Qxe3 Bg7
15. Nge2 O-O 16. Nd5 Re8 17. Nd4 Qa5 18. a3 Be6 19. b4 Qd8 20. Nxb5 Bxd5 21.
exd5 a5 22. bxa5 Qxa5 23. c4 Qa4 24. Qd3 Be5 25. Kb1 Reb8 26. Ka2 Qb4 27. Rb1
Qc5 28. Rhc1 Bxh2 29. Nc7 Rxb1 30. Rxb1 Rc8 31. Nb5 Be5 32. Rf1 Ra8 33. f4 Bg7
34. Qb3 e6 35. dxe6 Qxc6 36. exf7+ Kh7 37. Qc2 d5 38. f5 dxc4 39. fxg6+ Qxg6
40. Qxg6+ Kxg6 41. Nd6 c3 42. Ne8 Bf8 43. Kb3 Rxa3+ 44. Kc2 Ra7 45. Kxc3 Rxf7
46. Rxf7 Kxf7 47. Nf6 Kg6 48. Nxh5 1/2-1/2

[Event "8. Open Vila de Salou"]
[Site "Salou ESP"]
[Date "2006.06.11"]
[Round "5.19"]
[White "Vila Cairo, Gerard"]
[Black "Valls Marti, Artur"]
[Result "1/2-1/2"]
[WhiteElo "1998"]
[BlackElo "2138"]
[PlyCount "43"]
[EventDate "2006.06.07"]
[EventType "swiss"]
[EventRounds "9"]
[EventCountry "ESP"]
[Source "lmi"]
[SourceDate "2006.06.16"]

1. Nf3 Nf6 2. c4 c6 3. Nc3 d5 4. d4 dxc4 5. e4 b5 6. a4 b4 7. e5 bxc3 8. exf6
cxb2 9. Bxb2 exf6 10. Bxc4 Bb4+ 11. Nd2 O-O 12. O-O a5 13. Ne4 Ba6 14. Bxa6
Nxa6 15. Qg4 Rb8 16. Rac1 Be7 17. Ba1 Qd5 18. Ng3 g6 19. Qe2 Ba3 20. Qxa6 Bxc1
21. Rxc1 f5 22. Bc3 1/2-1/2